000 00650nam a2200181 a 4500
008 060424s1982 ||||||||||||||||| || u
020 _a0898741262
050 _aNA 2542.T7 Fry
100 _aFry, Maxwell, 1899-
245 1 0 _aTropical architecture in the dry and humid zones. (2nd ed.)
250 _a2nd ed.
260 _aMalabar :
_bR.E. Krieger Pub. Co
_c1982
300 _axiv, 249 p. : ill.
350 _a0.00
650 _aARCHITECTURE, TROPICAL
650 0 _aARCHITECTURE AND CLIMATE
995 _D0.00
_FCBU-MAIN LIBRARY (Kitwe)
_H1
_I23.95
_ULOST
_ZMain Library Open Access Collection
999 _c60459
_d60459